Statistics for Fast Typing

Click here to take the quiz!

General Stats

  • This quiz has been taken 26 times
  • The average score is 6 of 10

Answer Stats

WordAnswer% Correct
dichlorodiphenyltrichloroethanedichlorodiphenyltrichloroethane
94%
antiestablishmentarianismantiestablishmentarianism
88%
chlorobenzylidenemalononitrilechlorobenzylidenemalononitrile
82%
methylenedioxymethamphetaminemethylenedioxymethamphetamine
82%
uvulopalatopharyngoplastyuvulopalatopharyngoplasty
76%
hyperbetalipoproteinemiahyperbetalipoproteinemia
53%
electroencephalographicelectroencephalographic
41%
laryngotracheobronchitislaryngotracheobronchitis
41%
SchizosaccharomycetaceaeSchizosaccharomycetaceae
41%
hydrochlorofluorocarbonhydrochlorofluorocarbon
35%

Score Distribution

Percentile by Number Answered

Percent of People with Each Score

Your Score History

You have not taken this quiz